Normal view
MARC view
Entry Topical Term
001 - CONTROL NUMBER
- control field: 37898
003 - CONTROL NUMBER IDENTIFIER
- control field: ARRUPE
005 - DATE AND TIME OF LATEST TRANSACTION
- control field: 20171201154350.0
008 - FIXED-LENGTH DATA ELEMENTS
- fixed length control field: 171201|| aca||aabn | a|a d
040 ## - CATALOGING SOURCE
- Original cataloging agency: ARRUPE
- Transcribing agency: ARRUPE
150 ## - HEADING--TOPICAL TERM
- Topical term or geographic name as entry element: Symbolic Anthropology
670 ## - SOURCE DATA FOUND
- Source citation: Work cat.: (ARRUPE)18307: Shore, Bradd 37897, Culture in mind:, 1995